000 00340nam a2200133Ia 4500
008 230917s9999||||xx |||||||||||||| ||und||
040 _e112653
_aMAIN
041 _aEnglish
082 _a620.11 F 928 F
245 0 _aFrontiers in materials science
260 _aHyderabad
_bUniversity Press
_c2005
300 _aVI p. ; 870p.
942 _cBK
999 _c136261
_d136261